000 00449nam a2200181Ia 4500
001 20901
005 20260306172839.0
008 260306t2023||||xx |||||||||||||| ||spa||
041 _aESP
082 _a343.8
_bR21
100 _aRamírez, Jorge B.,
_eAUT
245 0 _aInfracciones y sanciones tributarias más frecuentes
260 _c2023
300 _a255 páginas :
_c24 cm.
650 _aGEN
654 _aCCO
942 _cLIB
_dJUS
_fJUS
_2ddc
_n
999 _c20901
_d20901